Japanese civilization : a comparative view
Saved in:
| Main Author: | |
|---|---|
| Format: | Book |
| Language: | English |
| Published: |
Chicago :
The University of Chicago Press,
1996
|
| Subjects: | |
| Tags: |
Add Tag
No Tags, Be the first to tag this record!
|
MARC
| LEADER | 00000nam a2200000 i 4500 | ||
|---|---|---|---|
| 001 | 1/84438 | ||
| 008 | 080512s1996 eng d | ||
| 020 | |a 0-226-19558-9 (pbk.) | ||
| 035 | |l 10097186 | ||
| 040 | |a GR-MY-UA |b gre |e aacr | ||
| 041 | 0 | |a eng | |
| 082 | 0 | |a 952 |2 (22) | |
| 100 | 1 | |a Eisenstadt, S. N. |q (Shmuel Noah) |d 1923- | |
| 245 | 1 | 0 | |a Japanese civilization : |b a comparative view / |c S.N. Eisenstadt |
| 260 | |a Chicago : |b The University of Chicago Press, |c 1996 | ||
| 300 | |a xii, 581 σ.; |c 24 εκ. | ||
| 504 | |a Βιβλιογραφία: σ. 447-562 | ||
| 504 | |a Ευρετήριο: σ. 563-581 | ||
| 651 | 0 | |a Japan |x Civilization. | |
| 852 | |a INST |b LESVOS |e 20080512 |h 952 EIS |p 005100039713 |q 005100039713 |t BK |y 0 | ||
| 901 | |a BIBL1-2008-2 | ||
| 909 | |a Λ |b 143335 | ||
| 922 | |a 1ΕΛΗ |b 200712 |c ΕΠΕΑΕΚ2/ΤΚ |d ΠΑΠΑΣΩΤΗΡΙΟΥ | ||
| 970 | |a ΚΑΡΑ |b ΓΙΑΣΕΜΗ |z 2008/05/12 | ||